| 000 | 00853 a2200193 4500 | ||
|---|---|---|---|
| 001 | 130793 | ||
| 020 | _a85-224-0415-1 | ||
| 040 | _cLeonardo Da Vinci | ||
| 041 | _aPortuguês | ||
| 082 |
_a657 F895e _bF895e |
||
| 100 | _aFRANCO, Hilário | ||
| 245 |
_aEstrutura, Análise e Interpretação de Balanços _bde acordo com a Lei das S.A. (Lei nº 6.404, de 15/12/1976) |
||
| 250 | _a15.ed | ||
| 260 |
_bAtlas _c1992 _aSão Paulo |
||
| 300 | _a342 | ||
| 362 | _a19920000 | ||
| 697 |
_aContabilidade Comercial _aEmpresa comercial _aBalanço financeiro _aSociedade Anônima _aPatrimônio _aDemonstração contábil _aBalanço patrimonial _aFenômeno patrimonial _aCoeficiente patrimonial _aCoeficiente analítico _aCoeficiente sintético _aCoeficiente comparativo _aConjunto patrimonial _aQuocientes _aFenômeno estático _aAvaliação _aAções _aFIPEN |
||
| 942 | _cBK | ||
| 999 |
_c130793 _d130793 |
||